ព្រះអង្គម្ចាស់ខ្លា / (Record no. 1647)

MARC details
000 -LEADER
fixed length control field 01731nam a22003017a 4500
001 - CONTROL NUMBER
control field 1647
003 - CONTROL NUMBER IDENTIFIER
control field FISKH
005 - DATE AND TIME OF LATEST TRANSACTION
control field 20230915112449.0
008 - FIXED-LENGTH DATA ELEMENTS--GENERAL INFORMATION
fixed length control field 230913b cb ||||| |||| 00| 0 khr d
020 ## - INTERNATIONAL STANDARD BOOK NUMBER
International Standard Book Number 9789924341529
040 ## - CATALOGING SOURCE
Original cataloging agency FISKH
Language of cataloging eng
Transcribing agency FISKH
Modifying agency FISKH
082 ## - DEWEY DECIMAL CLASSIFICATION NUMBER
Classification number 599.756
100 ## - MAIN ENTRY--PERSONAL NAME
Personal name Jianghong, Chen
245 ## - TITLE STATEMENT
Title ព្រះអង្គម្ចាស់ខ្លា /
Statement of responsibility, etc. និពន្ធនិងគូររូបដោយ ឈឹន ជាងហុង - បកប្រែពីភាសាបារាំងដោយ អ៊ុំ វ័ណថារី
260 ## - PUBLICATION, DISTRIBUTION, ETC.
Place of publication, distribution, etc. Paris :
Name of publisher, distributor, etc. Sipar,
Date of publication, distribution, etc. 2005.
300 ## - PHYSICAL DESCRIPTION
Extent 43 pages :
Other physical details color illustrations ;
Dimensions 20 cm
490 ## - SERIES STATEMENT
Series statement រឿងដំបូងៗ
505 ## - FORMATTED CONTENTS NOTE
Formatted contents note K<br/>
520 ## - SUMMARY, ETC.
Summary, etc. មេខ្លាសោកសៅព្រោះកូនៗត្រូវគេសម្លាប់អស់។ ជាមួយកំហឹងនេះ វាបំផ្លាញភូមិសម្លាប់មនុស្សសត្វ។ ដើម្បីបន្ថយកំហឹងមេខ្លាបាន មានតែបញ្ជូនបុត្រាវិនទៅក្នុងព្រៃទេ។
520 ## - SUMMARY, ETC.
Summary, etc. The tiger is sad because all the children have been killed. With this anger it destroys the village, killing people and animals. To allay​ the tiger's anger, the king sends his son to win back the forest.
521 8# - TARGET AUDIENCE NOTE
Target audience note 510<br/>
Source Lexile estimate <br/>
521 8# - TARGET AUDIENCE NOTE
Target audience note K <br/>
Source Raz-Plus <br/>
650 ## - SUBJECT ADDED ENTRY--TOPICAL TERM
Topical term or geographic name entry element សម្លាប់
Form subdivision ខ្លា
General subdivision ព្រៃ
Chronological subdivision បន្ថយ
650 ## - SUBJECT ADDED ENTRY--TOPICAL TERM
Topical term or geographic name entry element Killing
Form subdivision Tiger
General subdivision Forest
Chronological subdivision Allay
700 ## - ADDED ENTRY--PERSONAL NAME
Personal name Vanthary, Oum
Relator term Translator
700 ## - ADDED ENTRY--PERSONAL NAME
Personal name Jianghong, Chen
Relator term illustrator
942 ## - ADDED ENTRY ELEMENTS (KOHA)
Source of classification or shelving scheme Dewey Decimal Classification
Koha item type Khmer Books
Suppress in OPAC No
Holdings
Withdrawn status Lost status Source of classification or shelving scheme Damaged status Not for loan Collection Home library Current library Shelving location Date acquired Total Checkouts Full call number Barcode Date last seen Copy number Price effective from Koha item type
    Dewey Decimal Classification     Khmer Language Books / សៀវភៅភាសាខ្មែរ Footprints International School Library Network Toul Kork Campus Footprints International School Library Network Toul Kork Campus TK Campus, Room B402, Khmer Book Case 16, Shelves 112-123 / ទូរសៀវភៅខ្មែរលេខ ១៦​ ធ្នើរ ១១២ ដល់ ១២៣ បន្ទប់ B402 សាខាទួលគោក 09/13/2023   JIA 599.756 2023-0597 09/13/2023 1 09/13/2023 Khmer Books
    Dewey Decimal Classification     Khmer Language Books / សៀវភៅភាសាខ្មែរ Footprints International School Library Network Toul Kork Campus Footprints International School Library Network Toul Kork Campus TK Campus, Room B402, Khmer Book Case 16, Shelves 112-123 / ទូរសៀវភៅខ្មែរលេខ ១៦​ ធ្នើរ ១១២ ដល់ ១២៣ បន្ទប់ B402 សាខាទួលគោក 09/13/2023   JIA 599.756 2023-0598 09/13/2023 2 09/13/2023 Khmer Books